Herby polskich miast - Statystyki

Ogólne statystyki
  • Ten quiz został rozwiązany 837 razy
  • Średni wynik to 11 z 20
Statystyki odpowiedzi
Obrazkowy Odpowiedź % Poprawnych
Łódź
88%
Katowice
85%
Gdańsk
81%
Wrocław
72%
Szczecin
67%
Kraków
66%
Lublin
61%
Gdynia
60%
Radom
60%
Gliwice
58%
Toruń
56%
Poznań
55%
Rzeszów
53%
Bydgoszcz
48%
Opole
41%
Zielona Góra
40%
Zakopane
37%
Gorzów Wielkopolski
33%
Sosnowiec
32%
Elbląg
25%
Nie znaleziono quizów pasujących do podanych kryteriów
Rozkład punktacji
Procent ludzi z każdym wynikiem
Percentyl według liczby udzielonych odpowiedzi
Twoja historia wyników
Nie rozwiązałeś tego quizu